|
|
|
|
| LEADER |
01875nam a2200337 a 4500 |
| 001 |
0017774 |
| 003 |
BD-DhAAL |
| 008 |
090822s2006 nyua b 001 0 eng d |
| 010 |
|
|
|a 2005050963
|
| 020 |
|
|
|a 9780230217041 (pbk.)
|
| 020 |
|
|
|a 0230217044 (pbk.)
|
| 020 |
|
|
|a 9781403936325 (hbk)
|
| 020 |
|
|
|a 1403936323 (hbk)
|
| 040 |
|
|
|a DLC
|c DLC
|d DLC
|d BD-DhAAL
|
| 082 |
0 |
0 |
|a 428.0071
|2 22
|
| 245 |
0 |
0 |
|a Spoken English, TESOL, and applied linguistics :
|b challenges for theory and practice /
|c edited by Rebecca Hughes.
|
| 260 |
|
|
|a New York :
|b Palgrave Macmillan,
|c 2006.
|
| 300 |
|
|
|a xx, 289 p. :
|b ill. ;
|c 22 cm
|
| 504 |
|
|
|a Includes bibliographical references and index.
|
| 526 |
|
|
|a ENH
|x Sohana Manzoor
Faculty Member of BRAC University
Course No. : ENG 327 ; ENG 437
|
| 541 |
1 |
|
|e 00017774, 0017775
|a Karim International
|
| 650 |
|
0 |
|a English language
|x Study and teaching
|x Foreign speakers.
|
| 650 |
|
0 |
|a English language
|x Spoken English
|x Study and teaching.
|
| 650 |
|
0 |
|a English language
|x Pronunciation
|x Study and teaching.
|
| 650 |
|
0 |
|a English language
|x Pronunciation by foreign speakers.
|
| 700 |
1 |
|
|a Hughes, Rebecca,
|d 1962-
|9 58268
|
| 852 |
4 |
|
|a Ayesha Abed Library
|c General Stacks
|
| 942 |
|
|
|2 ddc
|c BK
|
| 999 |
|
|
|c 3320
|d 3320
|
| 952 |
|
|
|0 0
|1 0
|2 ddc
|4 0
|6 428_007100000000000_SPO_2006
|7 0
|9 3011
|a BRACUL
|b BRACUL
|c GEN
|d 2009-08-31
|e Karim International
|g 2046.00
|l 1
|m 9
|o 428.0071 SPO
|p 3010017774
|r 2011-08-11
|s 2011-02-24
|t 1
|w 2009-08-31
|y BK
|x Requisitioned by Sohana Manzoor (Faculty member of BRAC University) for the course no. : ENG 327 and ENG 437.
|
| 952 |
|
|
|0 0
|1 0
|2 ddc
|4 0
|6 428_007100000000000_SPO_2006
|7 0
|9 10062
|a BRACUL
|b BRACUL
|c GEN
|d 2010-05-11
|e Karim International
|g 2046.00
|l 5
|m 10
|o 428.0071 SPO
|p 3010017775
|r 2023-02-12
|s 2023-02-08
|t 2
|w 2010-05-11
|y BK
|x Requisitioned by Sohana Manzoor (Faculty member of BRAC University) for the course no. : ENG 327 and ENG 437.
|